00298nam a2200121Ia 4500008004100000041001200041082001100053100001900064245006500083260000600148650000600154700001600160221030s9999 xx 000 0 und d aEnglish a105.23 aJ. A. Roberson 0aEngineering Fluid Mechanicscby J. A. Roberson , C. T. Crowe c0 aB aC. T. Crowe